| 000 | 00594nam a2200193 4500 | ||
|---|---|---|---|
| 005 | 20260306120200.0 | ||
| 008 | 260306b |||||||| |||| 00| 0 eng d | ||
| 020 | _a978-93-81358-13-9 | ||
| 040 |
_aNational Science Library _cNational Science Library |
||
| 080 |
_a551.46 GUP _bQ9 |
||
| 100 |
_aGupta, Navneet Kumar _913295 |
||
| 245 |
_aमहासागर: _bजीवन का आधार |
||
| 246 |
_aMahasagar: _bJeevan ka aadhaar |
||
| 260 |
_aBhopal: _bAisect Publication, _c2019 |
||
| 300 | _a198p. | ||
| 365 |
_b195.00 _cINR |
||
| 650 | _aHindi literature | ||
| 942 |
_2udc _cHBK |
||
| 999 |
_c67860 _d67860 |
||